The economics of international integration

Αποθηκεύτηκε σε:
Λεπτομέρειες βιβλιογραφικής εγγραφής
Κύριος συγγραφέας: Robson, Peter 1926-
Μορφή: Βιβλίο
Γλώσσα:English
Δημοσίευση: London : Boston : G. Allen & Unwin, 1984
Έκδοση:2nd ed.
Σειρά:Studies in economics ; 17
Θέματα:
Ετικέτες: Προσθήκη ετικέτας
Δεν υπάρχουν, Καταχωρήστε ετικέτα πρώτοι!

MARC

LEADER 00000cam a2200000 i 4500
001 1/36460
008 950203s1984 eng d
020 |a 0043381138 ((pbk.))  |c $11.95 
035 |l 10024489 
040 |a GR-MY-UA  |b gre  |e aacr 
041 0 |a eng 
082 0 |a 337.1  |2 (19) 
100 1 |a Robson, Peter  |d 1926- 
245 1 4 |a The economics of international integration /  |c Peter Robson 
250 |a 2nd ed. 
260 |a London :   |a Boston :   |b G. Allen & Unwin,   |c 1984 
300 |a xiii, 224 p.;  |b ill.;  |c 22 cm 
490 1 |a Studies in economics  |v ; 17 
500 |a Includes index 
504 |a Bibliography: p. 209-219 
650 0 0 |a International economic integration. 
852 |a INST  |b CHIOS  |e 19950203  |h 337.1 ROB  |p 005200005658  |q 005200005658  |t BK  |y 0 
909 |a Χ  |b 002384